| 000 | 00550nam a22002057a 4500 | ||
|---|---|---|---|
| 999 |
_c594 _d594 |
||
| 003 | OSt | ||
| 005 | 20190930165310.0 | ||
| 008 | 141024b xxu||||| |||| 00| 0 eng d | ||
| 020 | _a0443041105 | ||
| 040 | _cDDC | ||
| 082 | _aQV 4 R162p 1991 | ||
| 100 |
_aRang H. P; Dale, M.M. _91537 |
||
| 245 | _aPharmacology | ||
| 250 | _a2nd ed. | ||
| 260 |
_aLondon: _bChurchill Livingstone ; _c1991 |
||
| 300 |
_axii, 955p : _bcol.ill _c29 cm. |
||
| 504 | _aIncludes Bibliographical references and Index | ||
| 650 |
_aPharmacology _9357 |
||
| 942 |
_2z _cO_SHELF |
||